Hitoshi Abe / (Record no. 352968)
[ view plain ]
| 000 -LEADER | |
|---|---|
| fixed length control field | 01661 a2200313 4500 |
| 003 - CONTROL NUMBER IDENTIFIER | |
| control field | OSt |
| 005 - DATE AND TIME OF LATEST TRANSACTION | |
| control field | 20180116192352.0 |
| 008 - FIXED-LENGTH DATA ELEMENTS--GENERAL INFORMATION | |
| fixed length control field | 120601t xxu||||| |||| 00| 0 eng d |
| 010 ## - LIBRARY OF CONGRESS CONTROL NUMBER | |
| LC control number | 2010281317 |
| 020 ## - INTERNATIONAL STANDARD BOOK NUMBER | |
| International Standard Book Number | 9780714846651 (hbk.) |
| 020 ## - INTERNATIONAL STANDARD BOOK NUMBER | |
| International Standard Book Number | 0714846651 (hbk.) |
| 035 ## - SYSTEM CONTROL NUMBER | |
| System control number | (OCoLC)ocn310383449 |
| 040 ## - CATALOGING SOURCE | |
| Transcribing agency | 0 |
| 082 04 - DEWEY DECIMAL CLASSIFICATION NUMBER | |
| Classification number | 720.952 |
| 100 1# - MAIN ENTRY--PERSONAL NAME | |
| Personal name | Pollock, Naomi R. |
| 9 (RLIN) | 3600 |
| 245 10 - TITLE STATEMENT | |
| Title | Hitoshi Abe / |
| Statement of responsibility, etc. | Naomi Pollock. |
| 260 ## - PUBLICATION, DISTRIBUTION, ETC. | |
| Place of publication, distribution, etc. | London ; |
| -- | New York, NY : |
| Name of publisher, distributor, etc. | Phaidon, |
| Date of publication, distribution, etc. | 2008. |
| 300 ## - PHYSICAL DESCRIPTION | |
| Extent | 208 p. : |
| Other physical details | ill. (some col.), plans ; |
| Dimensions | 30 cm. |
| 500 ## - GENERAL NOTE | |
| General note | Includes index. |
| 500 ## - GENERAL NOTE | |
| General note | Statement of responsibility from cover. |
| 505 0# - FORMATTED CONTENTS NOTE | |
| Formatted contents note | Line -- Miyagi Stadium (MSP) -- Shirasagi Bridge (SBP) -- Neige Lune Fleur (MRP) -- Matsushima Yacht House (MYH) -- N-House (NH) -- I-House (IH) -- Reihoku Community Hall (KAP) -- Surface -- Miyagi Water Tower (MWT) -- Yomiuri Media Miyagi Guest House (YG) -- Michinoku Folklore Museuym (KIR) -- Sasaki Office Factory for prosthetice (SOB) -- Aoba-tei (AIP) -- Tokyo House KADO 001 (NHB) -- 9 Tsubo House TALL (TH9) -- PTI and PTK -- Dining Dayu (DIP) -- Volume -- Gravel 2 (G2P) -- M-House (MH) -- M-Dental Clinic (ADC) -- Sekii Ladies Clinic (FLC) -- Y-House (YH) -- JB-House (JBH) -- K-House (KH) -- Kanno Museum (SSM) -- Whopper (KCH) -- F-town (FRP). |
| 600 10 - SUBJECT ADDED ENTRY--PERSONAL NAME | |
| Personal name | Abe, Hitoshi, |
| Dates associated with a name | 1962- |
| 9 (RLIN) | 3601 |
| 600 10 - SUBJECT ADDED ENTRY--PERSONAL NAME | |
| Personal name | Abe, Hitoshi |
| 9 (RLIN) | 3602 |
| 650 10 - SUBJECT ADDED ENTRY--TOPICAL TERM | |
| Topical term or geographic name entry element | Architecture |
| Geographic subdivision | Japan |
| General subdivision | History |
| Chronological subdivision | 20th century. |
| 9 (RLIN) | 3603 |
| 650 10 - SUBJECT ADDED ENTRY--TOPICAL TERM | |
| Topical term or geographic name entry element | Architecture |
| Geographic subdivision | Japan |
| Chronological subdivision | 21st century. |
| 9 (RLIN) | 3604 |
| 700 1# - ADDED ENTRY--PERSONAL NAME | |
| Personal name | Abe, Hitoshi, |
| Dates associated with a name | 1962- |
| 9 (RLIN) | 3605 |
| 942 ## - ADDED ENTRY ELEMENTS (KOHA) | |
| Institution code [OBSOLETE] | SADA |
| Koha item type | Book |
| Call number prefix | 720.952 POL 2008 |
| Source of classification or shelving scheme | |
| Withdrawn status | Lost status | Source of classification or shelving scheme | Damaged status | Not for loan | Permanent Location | Current Location | Date acquired | Total Checkouts | Total Renewals | Full call number | Barcode | Date last seen | Date last checked out | Cost, replacement price | Price effective from | Koha item type |
|---|---|---|---|---|---|---|---|---|---|---|---|---|---|---|---|---|
| School of Art Design and Architecture (SADA) | School of Art Design and Architecture (SADA) | 05/20/2011 | 3 | 2 | 720.952 POL 2008 | SADA0001043 | 06/02/2014 | 05/02/2014 | 3443.00 | 08/05/2011 | Book |
